000 00845nas a2200277 4500
001 BR9704735
003 BR-BrBNA
005 20231205100545.0
007 ta
008 230509b bl.|||p| |||| 00| 00por d
040 _aBR-BrBNA
_bpor
_cBiblioteca Nacional de Agricultura
041 _a(Pt)
072 _aF60; U10
100 1 _aRodrigues, L.N.
100 1 _aMantovani, E.C.
100 1 _aRamos, M.M.
100 1 _aSediyama, G.C.
245 1 _aO modelo de Ritchie na determinacao da evapotranspiracao do feijoeiro (Phaseolus vulgaris L.)irrigado
650 _aFeijao
650 _aEvapotranspiracao
650 _aIrrigacao
650 _aModelo Matematico
773 0 _tRevista Ceres (Brazil)
_xISSN 0034-737X
_g(Mar-Apr 1997), v. 44(252) p. 191-204
_wBR9704735
909 _a202311
_bLúcia
_c55
_dLúcia Elande
942 _2AGRIS
_n0
_cANA
999 _c156680
_d156680